| 000 | 00551nam a22001937a 4500 | ||
|---|---|---|---|
| 005 | 20150910145410.0 | ||
| 010 | _aENG-113471 | ||
| 020 |
_c135.00 _a0071067906 |
||
| 020 |
_c135.00 _a9780071067904 |
||
| 035 | _aEN-97003 | ||
| 037 | _bDBAD/PUB | ||
| 082 | _a658.005 | ||
| 100 | _aSharma, J.K. | ||
| 245 |
_aIndustrial management / _cby J.K Sharma |
||
| 260 |
_aNew Delhi _bTata McGraw Hill _c2011 |
||
| 270 |
_a7, West Patel Nagar _bNew Delhi _e110008 |
||
| 300 |
_axiii,161p.: _c24cm(pbk) _bill. |
||
| 942 |
_2ddc _cEN _mSHA _h658.005 |
||
| 999 |
_c94906 _d94906 |
||